00278cam a22001097a 4500008004000000082001200040100001900052245005000071260002400121300001000145650001300155180718b1941 xxu||||| |||| 00| 0 eng d aAB H982 aHuxley, Julian aReligion without revelationcby Julian Huxley aLondonbWattsc1941 a118p. aReligion